| 000 | 01837cam a22003854a 4500 | ||
|---|---|---|---|
| 001 | 12295155 | ||
| 003 | OSt | ||
| 005 | 20240710102032.0 | ||
| 008 | 010131s2001 dcua b 100 0 eng | ||
| 010 | _a 2001017742 | ||
| 020 | _a0821348744 | ||
| 040 | _cmust | ||
| 042 | _apcc | ||
| 043 | _aa------ | ||
| 050 | 0 | 0 |
_aHM1121 _b.S628 2001 |
| 082 | 0 | 0 |
_a303.6 SOC 2001 _221 |
| 245 | 0 | 0 |
_aSocial cohesion and conflict prevention in Asia : _bmanaging diversity through development / _cedited by Nat J. Colletta, Teck Ghee Lim, Anita Kelles-Viitanen. |
| 260 |
_aWashington, DC : _bWorld Bank, _cc2001. |
||
| 300 |
_ax, 493 p. : _bill. ; _c23 cm. |
||
| 440 | 0 |
_aConflict prevention and post-conflict reconstruction _918590 |
|
| 500 | _aPapers presented during the Asian Regional Consultation on Social Cohesion and Conflict Management held on March 16-17, 2000 in Manila, and co-sponsored by the Asian Development Bank and the World Bank, with the support of the World Bank's Post Conflict Fund. | ||
| 504 | _aIncludes bibliographical references. | ||
| 650 | 0 |
_aSocial conflict _zAsia _vCongresses. _918591 |
|
| 650 | 0 |
_aConflict management _zAsia _vCongresses. _918592 |
|
| 651 | 0 |
_aAsia _xEconomic policy _vCongresses. _918593 |
|
| 700 | 1 |
_aColletta, Nat J. _918076 |
|
| 700 | 1 |
_aLim, Teck Ghee. _918594 |
|
| 700 | 1 |
_aKelles-Viitanen, Anita, _d1947- _918595 |
|
| 710 | 2 |
_aWorld Bank. _9955 |
|
| 710 | 2 |
_aAsian Development Bank. _bSocial Development Division. _918596 |
|
| 711 | 2 |
_aAsian Regional Consultation on Social Cohesion and Conflict Management _d(2000 : _cManila, Philippines) _918597 |
|
| 906 |
_a7 _bcbc _corignew _d1 _eocip _f20 _gy-gencatlg |
||
| 942 |
_2ddc _cO_SHELF |
||
| 999 |
_c9133 _d9133 |
||